| 000 | 00439nam a2200169 a 4500 | ||
|---|---|---|---|
| 001 | 0000-9359 | ||
| 003 | ELIB.Books | ||
| 008 | 110520 1990 | ||
| 035 | _a(ELIB.Books)0000-9511 | ||
| 082 |
_a232 _bGre |
||
| 100 | _aGreen, Michael | ||
| 245 | _aWho is this Jesus? | ||
| 260 |
_bNashville: A Division Of Thomas Nelson Publishers _c1990 |
||
| 650 | _aJesus Christ | ||
| 942 |
_2ddc _cBK |
||
| 998 |
_cbat _e2011-05-20 |
||
| 999 |
_c9359 _d9359 |
||